000 00645nam a2200193Ia 4500
003 GCL
008 140319s9999 xx 000 0 ara d
040 _aGCL /
_cGCL
082 0 4 _a212.2
_bاا
100 1 _aاحمد بن تيميه
245 1 0 _aالامر بالمعروف والنهى عن المنكر. /
_cاحمد بن تيميه
260 _a[S.N] :
_bمكتبة الايمان للطبع والنشر والتوزيع
300 _a72 ص
490 _a
650 0 4 _aالشريعة الاسلامية
650 0 4 _aالفقه الاسلامى
650 0 4 _aالكبائر ( الشريعة الاسلامية )
942 _2ddc
_cBK
999 _c28890
_d28890